Regiones de la Cataluña Revolucionaria en 1936 en un Mapa - Estadísticas

Estadísticas generales
  • Esta prueba ha sido intentada 41 veces
  • La puntuación promedio es 6 de 9
Respuestas en el mapa
Las respuestas están codificadas por una escala verde-roja en el mapa de la prueba según el % correcto abajo.
 
Estadísticas de respuestas
Región % Correcto
I Barcelona
100%
II Gerona
97%
VIII Lérida
95%
III Tarragona
95%
VI Vic
59%
V Tortosa
54%
VII Manresa
43%
IV Reus
43%
IX Tremp
30%
No se encontraron pruebas coincidentes
Distribución de puntuación
Porcentaje de gente con cada puntuación
Porcentaje por número respondido
Historial de tus puntuaciones
No has intentado esta prueba.